|
|
|
|
| LEADER |
01354nam a2200301 a 4500 |
| 001 |
2348261 |
| 008 |
100119s1981 bg b 001 0 eng d |
| 010 |
|
|
|a 82902521
|
| 020 |
|
|
|c Tk150.00
|
| 040 |
|
|
|a DLC
|c DLC
|d DLC
|d DB-DhAAL
|
| 082 |
0 |
0 |
|a 304.6/32/095492
|2 19
|
| 100 |
1 |
|
|a Maloney, Clarence.
|
| 245 |
1 |
0 |
|a Beliefs and fertility in Bangladesh /
|c Clarence Maloney, K.M. Ashraful Aziz, Profulla C. Sarker.
|
| 260 |
|
|
|a Dacca, Bangladesh :
|b International Centre for Diarrhoeal Disease Research, Bangladesh,
|c 1981.
|
| 300 |
|
|
|a xv, 366 p. ;
|c 25 cm.
|
| 490 |
1 |
|
|a Monograph / International Centre for Diarrhoeal Disease Research, Bangladesh ;
|v no. 2
|
| 504 |
|
|
|a Includes bibliography: (p. [342]-356) and index.
|
| 541 |
1 |
|
|e 00003008
|
| 650 |
|
0 |
|a Fertility, Human
|z Bangladesh.
|
| 650 |
|
0 |
|a Birth control
|z Bangladesh.
|
| 650 |
|
0 |
|a Birth control
|x Moral and ethical aspects.
|
| 651 |
|
0 |
|a Bangladesh
|x Social life and customs.
|
| 700 |
1 |
|
|a Aziz, K. M. Ashraful.
|
| 700 |
1 |
|
|a Sarker, Profulla Chandra.
|
| 830 |
|
0 |
|a Monograph (International Centre for Diarrhoeal Disease Research, Bangladesh) ;
|v no. 2.
|
| 852 |
4 |
|
|a Ayesha Abed Library
|j General Shelf.
|
| 999 |
|
|
|c 7084
|d 7084
|
| 952 |
|
|
|0 0
|1 0
|2 ddc
|4 0
|6 304_632095492000000_MAL_1981
|7 0
|9 7357
|a BRACUL
|b BRACUL
|c GEN
|d 2010-01-21
|g 150.00
|l 0
|o 304.632095492 MAL
|p 3010003008
|r 2010-01-21
|t 1
|w 2010-01-21
|y BK
|